Discurso sobre el espíritu positivo
Guardat en:
| Autor principal: | |
|---|---|
| Format: | Llibre |
| Idioma: | espanyol |
| Publicat: |
Madrid
SARPE
1984
|
| Edició: | 1a. ed |
| Col·lecció: | Los Grandes Pensadores, 53
|
| Matèries: | |
| Etiquetes: |
Afegir etiqueta
Sense etiquetes, Sigues el primer a etiquetar aquest registre!
|
MARC
| LEADER | 00000cam a2200000 a 4500 | ||
|---|---|---|---|
| 001 | UCE2295 | ||
| 003 | CL-VaPUC | ||
| 008 | 140619e19840000sp |||||||||||||||||spa|d | ||
| 020 | |a 8459902056 | ||
| 082 | 0 | 4 | |a 146.4 |b COM |2 21 |
| 100 | 0 | |a Compte, Auguste |e author |9 574753 | |
| 245 | 1 | 0 | |a Discurso sobre el espíritu positivo |
| 250 | |a 1a. ed | ||
| 300 | |a 157 p | ||
| 942 | |c BK | ||
| 945 | |d 20140619 13:53:00 |a dcastane | ||
| 260 | |a Madrid |b SARPE |c 1984 | ||
| 650 | 0 | |a Positivismo |9 269460 | |
| 650 | 0 | |a Espíritu |9 315904 | |
| 650 | 0 | |a Organización social |9 357570 | |
| 583 | |a last modification |c 20140619 13:53:00 |k Rodrigo Vera | ||
| 490 | 0 | |a Los Grandes Pensadores, 53 | |
| 999 | |c 355933 |d 355931 | ||
| 952 | |0 0 |1 0 |3 erd |4 0 |6 146_400000000000000_COM_1984 |7 0 |8 X |9 462918 |a FDOBUD |b FDOBUD |i 5042844 |o 146.4 COM 1984 |p 5042844 |r 2019-11-23 |w 2019-11-23 |y BK_X |z Catalogado en:20140619 |k BUD | ||